Présidents(-es) de la Commission européenne - Statistiques

Statistiques générales
  • Ce quiz a été pris 23 fois
  • Le résultat moyen est 3 sur 14
Statistiques - réponses
HINT ANSWER % Correct
1er décembre 2019 - En cours Ursula von der Leyen
94%
6 janvier 1985 - 22 janvier 1995 Jacques Delors
67%
1er novembre 2014 - 1er décembre 2019 Jean-Claude Juncker
44%
23 janvier 1995 - 15 mars 1999 Jacques Santer
33%
22 novembre 2004 - 1er novembre 2014 José Manuel Durão Barroso
22%
16 septembre 1999 - 21 novembre 2004 Romano Prodi
17%
7 janvier 1958 - 6 juillet 1967 Walter Hallstein
17%
6 janvier 1973 - 5 janvier 1977 François-Xavier Ortoli
6%
6 janvier 1981 - 5 janvier 1985 Gaston Thorn
6%
7 juillet 1967 - 30 juin 1970 Jean Rey
6%
16 mars 1999 - 15 septembre 1999 Manuel Marin
6%
22 mars 1972 - 5 janvier 1973 Sicco Mansholt
6%
1er juillet 1970 - 21 mars 1972 Franco Maria Malfatti
0%
6 janvier 1977 - 5 janvier 1981 Roy Jenkins
0%
Aucun quiz correspondant
Distribution des résultats
% des personnes avec chaque résultat
Percentile par nombre de réponses
Votre historique - résultats
Vous n’avez pas pris ce quiz